| 000 | 00630cab a2200205 4500 | ||
|---|---|---|---|
| 001 | ABS44189 | ||
| 008 | 090401t1991 xxu||||| |||| 00| 0 eng d | ||
| 035 | _a(Sirsi) u45720 | ||
| 041 | _aeng | ||
| 100 | _aMacPherson, S. | ||
| 245 | _aLook out below | ||
| 260 | _c1991 | ||
| 350 | _a0 | ||
| 490 |
_aBuilding _v256 (7689) 22 March 1991, 50-51 (2) |
||
| 520 | _aWarns developers of problems which might occur when tunnelling or piling for foundations in London including boring into watermains and the proposed tube extensions. | ||
| 650 | _aTRANSPORT | ||
| 690 | _aBUILT ENVIRONMENT | ||
| 942 | _n0 | ||
| 948 | _c04/03/1997 | ||
| 999 |
_c28933 _d28933 |
||